Sports Quiz

Random Sports Quiz

Can You Name All 30 2015 First Rounders Quiz Stats

 Plays Quiz not verified by Sporcle

Challenge
Share
Tweet
Embed
Score 0/30 Timer 10:00
0 Plays Today
Team Player % Correct
TimberwolvesKarl-Anthony Towns
100%
76ersJahlil Okafor
100%
LakersDe'Angelo Russell
33.3%
KnicksKristaps Porzingis
33.3%
MagicMario Hezonja
33.3%
KingsWillie Cauley-Stein
33.3%
NuggetsEmmanuel Mudiay
33.3%
PistonsStanley Johnson
33.3%
HornetsFrank Kaminsky
33.3%
HeatJustise Winslow
33.3%
PacersMyles Turner
33.3%
JazzTrey Lyles
33.3%
SunsDevin Booker
33.3%
ThunderCameron Payne
33.3%
HawksKelly Oubre Jr.
33.3%
Team Player % Correct
CelticsTerry Rozier
33.3%
RocketsSam Dekker
33.3%
MavericksJustin Anderson
33.3%
BullsBobby Portis
33.3%
Trail BlazersRondae Hollis-Jefferson
33.3%
LakersLarry Nance Jr.
33.3%
WarriorsKevon Looney
33.3%
BucksRashad Vaughn
0%
WizardsJerian Grant
0%
Raptors Delon Wright
0%
CavaliersTyus Jones
0%
GrizzliesJarrell Martin
0%
SpursNikola Milutinov
0%
CelticsR.J. Hunter
0%
NetsChris McCullough
0%

You're not logged in!

Compare scores with friends on all Sporcle quizzes.
OR
Log In

You Might Also Like...

Show Comments

Extras

Created May 3, 2017ReportNominate
Tags:2015, player, rounder, team

Top Quizzes Today


Score Distribution

Your Account Isn't Verified!

In order to create a playlist on Sporcle, you need to verify the email address you used during registration. Go to your Sporcle Settings to finish the process.

Report this User

Report this user for behavior that violates our Community Guidelines.

Details: